| 000 | 00629ntaaa2200217 4500 | ||
|---|---|---|---|
| 003 | 01 | ||
| 005 | 20251027200709.0 | ||
| 008 | 0714s1973 ag 01 | ||
| 040 |
_aAR-BaBN _bspa _cAR-BaBN _eaacr _dRIC |
||
| 082 | _a230.091 M24 | ||
| 100 | _aMacquarrie, John | ||
| 245 |
_aComtemporany religious thinkers / _cJohn Macquarrie |
||
| 250 | _a1 ed. | ||
| 260 |
_aLondon : _bSCM Press Ltd., _c1968 |
||
| 300 | _a285 p | ||
| 500 | _aEstudio de unos treinta filósofos y teólogos contemporáneos | ||
| 650 | _aTeologia-Historia | ||
| 650 |
_aHistoria de las Doctrinas _91232 |
||
| 650 |
_aTeologia Contemporanea _91414 |
||
| 942 | _cBK | ||
| 999 |
_c1451 _d1451 |
||